MARC details
| 000 -LEADER |
| fixed length control field |
02009cas a2200457 a 4500 |
| 001 - CONTROL NUMBER |
| control field |
11263067 |
| 003 - CONTROL NUMBER IDENTIFIER |
| control field |
OSt |
| 005 - DATE AND TIME OF LATEST TRANSACTION |
| control field |
20160531141626.0 |
| 008 - FIXED-LENGTH DATA ELEMENTS--GENERAL INFORMATION |
| fixed length control field |
810114c19819999iluqr p 0 a0eng c |
| 010 ## - LIBRARY OF CONGRESS CONTROL NUMBER |
| LC control number |
82645697 |
| Canceled/invalid LC control number |
sn 81000171 |
| 016 7# - NATIONAL BIBLIOGRAPHIC AGENCY CONTROL NUMBER |
| Record control number |
010492481 |
| Source |
Uk |
| 022 0# - INTERNATIONAL STANDARD SERIAL NUMBER |
| International Standard Serial Number |
0273-5024 |
| Source |
1 |
| 032 ## - POSTAL REGISTRATION NUMBER |
| Postal registration number |
734050 |
| Source (agency assigning number) |
USPS |
| 035 ## - SYSTEM CONTROL NUMBER |
| System control number |
(OCoLC)ocm07062604 |
| 037 ## - SOURCE OF ACQUISITION |
| Source of stock number/acquisition |
JTPE, P.O. Box 5076, Champaign, IL 61820 |
| 040 ## - CATALOGING SOURCE |
| Original cataloging agency |
NSDP |
| Transcribing agency |
NSDP |
| Modifying agency |
NST |
| -- |
DLC |
| -- |
NST |
| -- |
DLC |
| -- |
NST |
| -- |
NSDP |
| -- |
NST |
| -- |
NSDP |
| -- |
NST |
| -- |
GU |
| -- |
NST |
| -- |
OCoLC |
| -- |
NLGGC |
| -- |
CaQQL |
| -- |
SiSiNL |
| -- |
OCoLC |
| -- |
UKMGB |
| -- |
CStbW |
| 042 ## - AUTHENTICATION CODE |
| Authentication code |
nsdp |
| -- |
pcc |
| 050 00 - LIBRARY OF CONGRESS CALL NUMBER |
| Classification number |
GV 363 |
| Item number |
.J86 1996 |
| 082 ## - DEWEY DECIMAL CLASSIFICATION NUMBER |
| Classification number |
GLT 613.7 |
| Item number |
J082 1996 |
| 245 00 - TITLE STATEMENT |
| Title |
Journal of teaching in physical education : |
| Remainder of title |
JTPE / |
| 246 30 - VARYING FORM OF TITLE |
| Title proper/short title |
JTPE |
| 246 30 - VARYING FORM OF TITLE |
| Title proper/short title |
J.T.P.E. |
| 260 ## - PUBLICATION, DISTRIBUTION, ETC. (IMPRINT) |
| Place of publication, distribution, etc |
Blacksburg, Va. : |
| Name of publisher, distributor, etc |
JTPE, |
| Date of publication, distribution, etc |
1981. |
| 300 ## - PHYSICAL DESCRIPTION |
| Extent |
v. : |
| Other physical details |
ill. ; |
| Dimensions |
23 cm. |
| 310 ## - CURRENT PUBLICATION FREQUENCY |
| Current publication frequency |
Quarterly, |
| Date of current publication frequency |
<Oct. 1984-> |
| 321 ## - FORMER PUBLICATION FREQUENCY |
| Former publication frequency |
Three times a year during the academic year |
| 362 0# - DATES OF PUBLICATION AND/OR SEQUENTIAL DESIGNATION |
| Dates of publication and/or sequential designation |
Vol. 1, no. 1 (fall 1981)- |
| 500 ## - GENERAL NOTE |
| General note |
Title from cover. |
| 500 ## - GENERAL NOTE |
| General note |
Imprint varies: Champaign, IL : Human Kinetics Publishers, Oct. 1984- |
| 515 ## - NUMBERING PECULIARITIES NOTE |
| Numbering peculiarities note |
Vol. 1, no. 1 preceded by an issue called: Spring 1981. |
| 650 #0 - SUBJECT ADDED ENTRY--TOPICAL TERM |
| Topical term or geographic name as entry element |
Physical education and training |
| General subdivision |
Study and teaching |
| Form subdivision |
Periodicals. |
| 9 (RLIN) |
22487 |
| 650 17 - SUBJECT ADDED ENTRY--TOPICAL TERM |
| Topical term or geographic name as entry element |
Lichamelijke opvoeding. |
| Source of heading or term |
gtt |
| 9 (RLIN) |
22484 |
| 650 #6 - SUBJECT ADDED ENTRY--TOPICAL TERM |
| Topical term or geographic name as entry element |
Professeurs d'éducation physique |
| General subdivision |
Formation |
| -- |
Étude et enseignement |
| Form subdivision |
Périodiques. |
| 9 (RLIN) |
22489 |
| 787 1# - NONSPECIFIC RELATIONSHIP ENTRY |
| Title |
Journal of teaching in physical education. Monograph |
| Record control number |
(DLC)sn 84010312 |
| -- |
(OCoLC)10082527 |
| 906 ## - LOCAL DATA ELEMENT F, LDF (RLIN) |
| a |
7 |
| b |
cbc |
| c |
serials |
| d |
3 |
| e |
ncip |
| f |
19 |
| g |
n-oclcserc |
| 936 ## - OCLC/CONSER MISCELLANEOUS DATA (OCLC); PIECE USED FOR CATALOGING (pre-AACR2) (RLIN) |
| OCLC control number(s) of parallel record(s) (OCLC); Piece used for cataloging, PUC (RLIN) |
Oct. 1984 (surrogate) |
| 942 ## - ADDED ENTRY ELEMENTS (KOHA) |
| Source of classification or shelving scheme |
Library of Congress Classification |
| Koha item type |
Periodicals |